|
|
|
|
| LEADER |
00000nbm0a2200000 4500 |
| 001 |
278110 |
| 005 |
20231101235100.0 |
| 035 |
|
|
|a (RuTPU)RU\TPU\book\301387
|
| 035 |
|
|
|a RU\TPU\book\301395
|
| 090 |
|
|
|a 278110
|
| 100 |
|
|
|a 20141209j20141203k y0rusy50 ca
|
| 101 |
0 |
|
|a rus
|
| 102 |
|
|
|a RU
|
| 105 |
|
|
|a a m 001zy
|
| 200 |
1 |
|
|a Повышение точности определения места повреждения воздушных линий электропередачи по параметрам предаварийного и аварийного режимов
|e диссертация на соискание ученой степени кандидата технических наук
|e спец. 05.14.02
|f Л. В. Абрамочкина
|g Национальный исследовательский Томский политехнический университет (ТПУ) ; науч. рук. Ю. В. Хрущёв
|
| 210 |
|
|
|a Томск
|d 2014
|
| 215 |
|
|
|a 167 л.
|c ил.
|
| 300 |
|
|
|a Защищена 03.12.2014 г.
|
| 320 |
|
|
|a Библиогр.: с. 148-154 (58 назв.).
|
| 606 |
1 |
|
|a Электрические линии передачи
|x Повреждения
|x Определение
|2 stltpush
|3 (RuTPU)RU\TPU\subj\26995
|9 50810
|
| 610 |
1 |
|
|a линии электропередачи
|
| 610 |
1 |
|
|a место повреждения
|
| 610 |
1 |
|
|a определение
|
| 610 |
1 |
|
|a способы
|
| 610 |
1 |
|
|a алгоритмы
|
| 610 |
1 |
|
|a воздушные линии электропередачи
|
| 610 |
1 |
|
|a погонные параметры
|
| 610 |
1 |
|
|a идентификация
|
| 610 |
1 |
|
|a чувствительность
|
| 610 |
1 |
|
|a анализ
|
| 610 |
1 |
|
|a диссертации
|
| 610 |
1 |
|
|a труды учёных ТПУ
|
| 675 |
|
|
|a 621.315.1.004(04)
|v 3
|
| 686 |
|
|
|a 05.14.02
|2 oksvnk
|
| 700 |
|
1 |
|a Абрамочкина
|b Л. В.
|c специалист в области электроэнергетики
|c инженер Томского политехнического университета
|f 1986-
|g Людмила Владимировна
|2 stltpush
|3 (RuTPU)RU\TPU\pers\28613
|
| 702 |
|
1 |
|a Хрущёв
|b Ю. В.
|c специалист в области электроэнергетики
|c профессор Томского политехнического университета, доктор технических наук
|f 1942-
|g Юрий Васильевич
|2 stltpush
|3 (RuTPU)RU\TPU\pers\26724
|4 727
|4 727
|
| 712 |
0 |
2 |
|a Национальный исследовательский Томский политехнический университет (ТПУ)
|c (2009- )
|2 stltpush
|3 (RuTPU)RU\TPU\col\15902
|
| 801 |
|
1 |
|a RU
|b 63413507
|c 20141209
|
| 801 |
|
2 |
|a RU
|b 63413507
|c 20141219
|g RCR
|
| 942 |
|
|
|c BK
|